| 000 -LEADER |
| fixed length control field |
01272cam a22003134a 4500 |
| 001 - CONTROL NUMBER |
| control field |
15214355 |
| 005 - DATE AND TIME OF LATEST TRANSACTION |
| control field |
20170207153323.0 |
| 008 - FIXED-LENGTH DATA ELEMENTS--GENERAL INFORMATION |
| fixed length control field |
080311s2008 moua 000 0 eng |
| 010 ## - LIBRARY OF CONGRESS CONTROL NUMBER |
| LC control number |
2008924737 |
| 020 ## - INTERNATIONAL STANDARD BOOK NUMBER |
| International Standard Book Number |
9780740777509 |
| 020 ## - INTERNATIONAL STANDARD BOOK NUMBER |
| International Standard Book Number |
0740777505 |
| 040 ## - CATALOGING SOURCE |
| Original cataloging agency |
DLC |
| Transcribing agency |
DLC |
| Modifying agency |
DLC |
| 043 ## - GEOGRAPHIC AREA CODE |
| Geographic area code |
n-us--- |
| 050 00 - LIBRARY OF CONGRESS CALL NUMBER |
| Classification number |
NC1428 |
| Item number |
.N47N49 2008 |
| 245 04 - TITLE STATEMENT |
| Title |
The New Yorker cartoon caption contest book. |
| 250 ## - EDITION STATEMENT |
| Edition statement |
1st ed. |
| 260 ## - PUBLICATION, DISTRIBUTION, ETC. (IMPRINT) |
| Place of publication, distribution, etc. |
Kansas City, Mo. : |
| Name of publisher, distributor, etc. |
Andrews McMeel Pub., LLC, |
| Date of publication, distribution, etc. |
c2008. |
| 300 ## - PHYSICAL DESCRIPTION |
| Extent |
202 p. : |
| Other physical details |
chiefly ill. ; |
| Dimensions |
21 x 26 cm. |
| 630 00 - SUBJECT ADDED ENTRY--UNIFORM TITLE |
| Uniform title |
New Yorker (New York, N.Y. : 1925) |
| 650 #0 - SUBJECT ADDED ENTRY--TOPICAL TERM |
| Topical term or geographic name as entry element |
American wit and humor, Pictorial. |
| 650 #0 - SUBJECT ADDED ENTRY--TOPICAL TERM |
| Topical term or geographic name as entry element |
Cartoon captions |
| General subdivision |
Competitions |
| Geographic subdivision |
United States. |
| 730 0# - ADDED ENTRY--UNIFORM TITLE |
| Uniform title |
New Yorker (New York, N.Y. : 1925) |
| 856 42 - ELECTRONIC LOCATION AND ACCESS |
| Materials specified |
Contributor biographical information |
| Uniform Resource Identifier |
<a href="http://www.loc.gov/catdir/enhancements/fy0833/2008924737-b.html">http://www.loc.gov/catdir/enhancements/fy0833/2008924737-b.html</a> |
| 856 42 - ELECTRONIC LOCATION AND ACCESS |
| Materials specified |
Publisher description |
| Uniform Resource Identifier |
<a href="http://www.loc.gov/catdir/enhancements/fy0833/2008924737-d.html">http://www.loc.gov/catdir/enhancements/fy0833/2008924737-d.html</a> |
| 942 ## - ADDED ENTRY ELEMENTS (KOHA) |
| Source of classification or shelving scheme |
|
| Koha item type |
Hard Covered Materials |
| Classification part |
NC1428 .N47N49 2008 |